000 00564nam a2200217Ia 4500
005 20250326144406.0
008 250326s9999 xx 000 0 und d
020 _a81-265-1256-3
037 _aTextbook
040 _aFMSL
_beng
_cFMSL
041 _aeng
_2eng
084 _aB2893 P6;2
_qFMSL
100 _aRavindran A
245 0 _aOperation research
_cRavindran A
260 _aNew Delhi
_bNew Delhi, Wiley India
_c2006
300 _a635p
365 _b738
650 _aStatistics
942 _cTB
_hB2893 P6;2
999 _c1303543
_d1303543